[Event "Reykjavik Kvika op"]
[Site "Reykjavik"]
[Date "2022.04.10"]
[Round "6"]
[White "Sveinbjornsson, Gudmundur Orri"]
[Black "Hafdisarson, Ingi Thor"]
[Result "0-1"]
[WhiteElo "1144"]
[BlackElo "1314"]
[PlyCount "52"]
[EventDate "2022.04.06"]
[EventType "swiss"]
[EventRounds "9"]
[EventCountry "ISL"]
[SourceTitle "CBM 207 Extra"]
[Source "ChessBase"]
[SourceDate "2022.05.31"]
[SourceVersion "1"]
[SourceVersionDate "2022.05.31"]
[SourceQuality "1"]

1. e4 c6 2. d4 d5 3. exd5 cxd5 4. Nf3 Bf5 5. Bf4 Nc6 6. c3 e6 7. Bb5 Nge7 8. 0-0 a6 9. Ba4 b5 10. Bc2 Bxc2 11. Qxc2 Nf5 12. Re1 Be7 13. Nbd2 0-0 14. Ne5 Rc8 15. Qd3 Na5 16. b4 Nc6 17. a3 Nxe5 18. Rxe5 Bd6 19. Rxf5 exf5 20. Be3 f4 21. Re1 fxe3 22. Rxe3 Re8 23. Rh3 g6 24. Nf3 Qe7 25. Qd2 Qe4 26. Rxh7 Qb1+ 0-1

[Event "Reykjavik Kvika op"]
[Site "Reykjavik"]
[Date "2022.04.07"]
[Round "2"]
[White "Sandin, Albin"]
[Black "Sveinbjornsson, Gudmundur Orri"]
[Result "1-0"]
[WhiteElo "1513"]
[BlackElo "1144"]
[PlyCount "63"]
[EventDate "2022.04.06"]
[EventType "swiss"]
[EventRounds "9"]
[EventCountry "ISL"]
[SourceTitle "CBM 207 Extra"]
[Source "ChessBase"]
[SourceDate "2022.05.31"]
[SourceVersion "1"]
[SourceVersionDate "2022.05.31"]
[SourceQuality "1"]

1. d4 Nf6 2. Nf3 g6 3. c4 d5 4. Nc3 Bg7 5. Bg5 dxc4 6. e3 0-0 7. Bxc4 Bf5 8. 0-0 Ne4 9. Qb3 Nxc3 10. bxc3 b6 11. Nd2 Re8 12. Bxf7+ Kh8 13. Bxe8 Qxe8 14. e4 Bd7 15. f3 Ba4 16. Qe6 Bf6 17. Bxf6+ exf6 18. Qxf6+ Kg8 19. e5 Nd7 20. Qh4 Nf8 21. Ne4 Qe6 22. Qf6 Qe8 23. Rfe1 Bc2 24. Rac1 Bxe4 25. fxe4 Nd7 26. Qc6 Rc8 27. Rf1 Qe7 28. Rf2 Qg5 29. Rcf1 Qe7 30. Qd5+ Kh8 31. Rf7 Qe8 32. Rxd7 1-0

[Event "Gardabaer op"]
[Site "Gardabaer"]
[Date "2021.11.14"]
[Round "7"]
[White "Gasanova, Ulker"]
[Black "Sveinbjornsson, Gudmundur Orri"]
[Result "0-1"]
[WhiteElo "1511"]
[BlackElo "1105"]
[PlyCount "114"]
[EventDate "2021.11.11"]
[EventType "swiss"]
[EventRounds "7"]
[EventCountry "ISL"]
[SourceTitle "EXT 2023"]
[Source "ChessBase"]
[SourceDate "2022.10.05"]
[SourceVersion "1"]
[SourceVersionDate "2022.10.05"]
[SourceQuality "1"]

1. Nf3 g6 2. d4 d5 3. Nbd2 Nf6 4. h3 Bg7 5. e3 0-0 6. c4 c6 7. Nb3 Bf5 8. Nc5 b6 9. Nb3 Nbd7 10. Bd3 Bxd3 11. Qxd3 Re8 12. 0-0 e5 13. dxe5 Nxe5 14. Nxe5 Rxe5 15. Nd4 Qc7 16. f4 dxc4 17. Qxc4 Rc5 18. Qe2 Ne4 19. Qf3 Re8 20. b4 Rd5 21. Rd1 c5 22. Nb5 Rxd1+ 23. Qxd1 Qe7 24. Rb1 a6 25. bxc5 Qxc5 26. Qd7 Nf6 27. Qd4 axb5 28. Qxc5 bxc5 29. Rxb5 Ne4 30. Ba3 c4 31. f5 Rd8 32. Be7 Rd1+ 33. Kh2 c3 34. Rb8+ Bf8 35. f6 Nxf6 36. Bxf6 c2 37. Bg5 c1Q 38. Bh6 Qc7+ 39. Bf4 Qxb8 40. Bxb8 Ra1 41. Be5 Rxa2 42. Kg3 Rd2 43. Kf3 Bd6 44. Bc3 Rd3 45. Bd4 f5 46. g3 Kf7 47. h4 Rd2 48. g4 fxg4+ 49. Kxg4 h5+ 50. Kg5 Rg2+ 51. Kh6 Bf8+ 52. Kh7 g5 53. hxg5 Rxg5 54. e4 Rg4 55. Bc3 h4 56. e5 h3 57. e6+ Kxe6 0-1

[Event "EU-ch Hybrid U12"]
[Site "Tornelo INT"]
[Date "2021.10.15"]
[Round "2"]
[White "Spasov, Igor Aleksandar"]
[Black "Sveinbjornsson, Gudmundur Orri"]
[Result "0-1"]
[WhiteElo "1435"]
[BlackElo "1134"]
[PlyCount "78"]
[EventDate "2021.10.15"]
[EventType "swiss"]
[EventRounds "9"]
[EventCountry "NET"]
[SourceTitle "EXT 2023"]
[Source "ChessBase"]
[SourceDate "2022.10.05"]
[SourceVersion "1"]
[SourceVersionDate "2022.10.05"]
[SourceQuality "1"]
[WhiteTeam "Macedonia"]
[BlackTeam "Island"]
[WhiteTeamCountry "MKD"]
[BlackTeamCountry "ISL"]

1. d4 Nf6 2. c4 g6 3. Nc3 d5 4. cxd5 Nxd5 5. e4 Nxc3 6. bxc3 Bg7 7. Nf3 0-0 8. Be3 c5 9. Be2 Nc6 10. Rc1 Bg4 11. e5 e6 12. 0-0 Rc8 13. Qd2 Qd7 14. h3 Bf5 15. Rfd1 Rfd8 16. Nh4 Be4 17. Bf3 Bxf3 18. Nxf3 b6 19. Ne1 Qd5 20. f4 Bh6 21. Nf3 Na5 22. Bf2 Nc4 23. Qd3 Nb2 24. c4 Nxd3 25. cxd5 Nxc1 26. Rxc1 Bxf4 27. Rc2 Rxd5 28. g3 Bh6 29. dxc5 bxc5 30. Rb2 c4 31. Bxa7 c3 32. Rc2 Rd1+ 33. Kg2 Rc1 34. Rxc1 Bxc1 35. Nd4 Be3 36. a4 c2 37. Nxc2 Rxc2+ 38. Kf3 Bxa7 39. Ke4 Ra2 0-1

[Event "EU-ch Hybrid U12"]
[Site "Tornelo INT"]
[Date "2021.10.15"]
[Round "1"]
[White "Sveinbjornsson, Gudmundur Orri"]
[Black "Erashov, Roman"]
[Result "0-1"]
[WhiteElo "1134"]
[BlackElo "1604"]
[PlyCount "50"]
[EventDate "2021.10.15"]
[EventType "swiss"]
[EventRounds "9"]
[EventCountry "NET"]
[SourceTitle "EXT 2023"]
[Source "ChessBase"]
[SourceDate "2022.10.05"]
[SourceVersion "1"]
[SourceVersionDate "2022.10.05"]
[SourceQuality "1"]
[WhiteTeam "Island"]
[BlackTeam "Russia"]
[WhiteTeamCountry "ISL"]
[BlackTeamCountry "RUS"]

1. e4 c5 2. Nc3 Nc6 3. Bb5 g6 4. Bxc6 bxc6 5. Nf3 Bg7 6. d4 cxd4 7. Nxd4 Ba6 8. Be3 Qc7 9. Qd2 Nf6 10. f3 h5 11. 0-0-0 Rb8 12. h3 h4 13. Rhf1 Bxf1 14. Rxf1 a6 15. Qf2 Nh5 16. Nce2 Qb7 17. Nb3 a5 18. a4 Qb4 19. Qxh4 Qxa4 20. Bc5 Nf6 21. Qg3 Qb5 22. Nc3 Qxf1+ 23. Kd2 Bh6+ 24. Be3 Bxe3+ 25. Kxe3 Rd8 0-1

[Event "EU-ch 21st"]
[Site "Reykjavik"]
[Date "2021.09.04"]
[Round "10"]
[White "Sveinbjornsson, Gudmundur Orri"]
[Black "Omarsson, Adam"]
[Result "1-0"]
[WhiteElo "1037"]
[BlackElo "1546"]
[PlyCount "79"]
[EventDate "2021.08.26"]
[EventType "swiss"]
[EventRounds "11"]
[EventCountry "ISL"]
[SourceTitle "CBM 204"]
[Source "ChessBase"]
[SourceDate "2021.10.31"]
[SourceVersion "1"]
[SourceVersionDate "2021.10.31"]
[SourceQuality "1"]

1. e4 g6 2. d4 Bg7 3. Nf3 d6 4. b3 Nf6 5. Nbd2 0-0 6. Bb2 Bg4 7. Bd3 c5 8. d5 Nh5 9. Bxg7 Kxg7 10. c4 Nf4 11. Bf1 Na6 12. a3 Qa5 13. g3 Nh5 14. Bg2 Nf6 15. 0-0 b5 16. Qc2 b4 17. axb4 Nxb4 18. Qc3 Qc7 19. Rfe1 Kg8 20. e5 dxe5 21. Nxe5 Bf5 22. d6 Qxd6 23. Bxa8 Nc2 24. Bg2 Nxa1 25. Rxa1 Rd8 26. Ndf3 Ne4 27. Qe3 Nf6 28. Ng5 Ng4 29. Nxg4 Bxg4 30. h3 Bf5 31. Rxa7 Bd7 32. Ne4 Qd1+ 33. Kh2 Bc6 34. Nxc5 Bxg2 35. Kxg2 Qd6 36. Qxe7 Qc6+ 37. Kh2 Kg7 38. Qxf7+ Kh6 39. Qxh7+ Kg5 40. Qe7+ 1-0

[Event "Reykjavik ISL-ch op"]
[Site "Reykjavik"]
[Date "2020.08.24"]
[Round "3"]
[White "Sveinbjornsson, Gudmundur Orri"]
[Black "Kristbergsson, Bjorgvin"]
[Result "1-0"]
[WhiteElo "1101"]
[BlackElo "1016"]
[PlyCount "73"]
[EventDate "2020.08.22"]
[EventType "swiss"]
[EventRounds "9"]
[EventCountry "ISL"]
[SourceTitle "CBM 198 Extra"]
[Source "ChessBase"]
[SourceDate "2020.11.30"]
[SourceVersion "1"]
[SourceVersionDate "2020.11.30"]
[SourceQuality "1"]

1. d4 d5 2. c4 Nf6 3. Nc3 a6 4. Bg5 e6 5. e3 h6 6. Bh4 Bb4 7. Qc2 g5 8. Bg3 Bxc3+ 9. Qxc3 Ne4 10. Qc2 Nxg3 11. hxg3 Nc6 12. f4 Qf6 13. Nf3 gxf4 14. gxf4 Bd7 15. g3 Nb4 16. Qc3 Nc6 17. Bd3 Qg7 18. Kf2 Rg8 19. Rhg1 f5 20. Ne5 Nxe5 21. dxe5 dxc4 22. Qxc4 c6 23. Qb4 b5 24. Qd6 Rd8 25. Rac1 Rc8 26. b3 h5 27. a4 Qg4 28. Be2 Qh3 29. axb5 h4 30. Bh5+ Kd8 31. bxc6 hxg3+ 32. Ke2 Qxh5+ 33. Kd3 Qe8 34. c7+ Rxc7 35. Rxc7 Qe7 36. Rc8+ Kxc8 37. Qxe7 1-0

[Event "Reykjavik ISL-ch op"]
[Site "Reykjavik"]
[Date "2020.08.23"]
[Round "2"]
[White "Helgadottir, Idunn"]
[Black "Sveinbjornsson, Gudmundur Orri"]
[Result "1-0"]
[WhiteElo "1364"]
[BlackElo "1101"]
[PlyCount "37"]
[EventDate "2020.08.22"]
[EventType "swiss"]
[EventRounds "9"]
[EventCountry "ISL"]
[SourceTitle "CBM 198 Extra"]
[Source "ChessBase"]
[SourceDate "2020.11.30"]
[SourceVersion "1"]
[SourceVersionDate "2020.11.30"]
[SourceQuality "1"]

1. d4 Nf6 2. Bf4 d6 3. Nf3 Nc6 4. e3 Bf5 5. c4 e5 6. dxe5 dxe5 7. Qxd8+ Rxd8 8. Nxe5 Bd6 9. Nxc6 bxc6 10. Bxd6 cxd6 11. Nc3 0-0 12. Be2 c5 13. 0-0 d5 14. Nxd5 Nxd5 15. cxd5 Rxd5 16. Rfd1 Rfd8 17. Bf3 Be4 18. Rxd5 Bxd5 19. Rd1 1-0